MDQL
is popping MORE tags! Check the
thread
!
Quizzes
Events
Quiz Creation
Community
Videos
Private Events
Remove Ads
Sign In
Join for FREE
Feedback
Dark Mode
Quiz Categories
Sports
Geography
Music
Movies
Television
Just For Fun
Miscellaneous
History
Literature
Language
Science
Gaming
Entertainment
Religion
Holiday
For Kids
Quiz Lab
Recent
Popular Today
Quiz Kudos Today
Editor Picks
Curator Picks
Quizzes by...
Day
Popularity
Type
Ratings
Length
Year
Community
Subscriptions
Recent Discussions
Orange Saloon
Badges
Playlists
Quests
Create
Leaderboards
Showdown
Live 5
Trivia Bingo
Activity
Puzzle Library
Sporcle Events
Private Events
Virtual Trivia
Globe League
Become a Host
Pub Owners
SporcleCon
Opinionation
Our Games
Videos
Blog
Mobile Apps
Partnerships
Remove Ads and Go Orange
Feedback
Music
Pop Music
The Beatles
Song
Album
Lyrics
Bands
Singers
Artist
Clip
Rock
Rap
Classical
Billboard
Country Music
Kpop
Taylor Swift
Music
Pop Music
The Beatles
Song
Album
Lyrics
Bands
Singers
Artist
Clip
Rock
Rap
Classical
Billboard
Country Music
Kpop
Taylor Swift
Random Quiz
Search Sporcle
×
Quiz Lab
Quiz Lab
Music
Lyrics
Type in answers that appear in a list
Type in answers that appear in a list
Classic
Best Score? Go Orange.
LYRICS: Kathys Song by Simon and Garfunkel Stats
Can you name the Kathys Song lyrics by Simon and Garfunkel?
By
lanaturnersmile
6m
162 Questions
380 Plays
380 Plays
380 Plays
Comments
Comments
Give Quiz Kudos
Give Quiz Kudos
-
- Ratings
hide this ad
Replay
Link that replays current quiz
Next Quiz
Link to next quiz in quiz playlist
You Got
0%
They Got
Avg Score
79%
Avg Friend Score
Upgrade to see
Score Distribution
Jump to the score distribution portion of the page
Score
0/162
Timer
06:00
0
Plays Today
% Correct
I
98.9%
I
98.9%
I
98.9%
I
98.9%
I
98.9%
I
98.9%
I
98.9%
I
98.9%
I
98.9%
I
98.9%
I
98.9%
I
98.9%
I
98.9%
I
98.9%
the
98.7%
a
98.7%
and
98.7%
and
98.7%
and
98.7%
the
98.7%
the
98.7%
the
98.7%
and
98.7%
and
98.7%
and
98.7%
a
98.7%
and
98.7%
and
98.7%
the
98.7%
and
98.7%
the
98.7%
and
98.7%
the
98.7%
the
98.7%
of
93.9%
of
93.9%
of
93.9%
of
93.9%
of
93.9%
my
93.4%
my
93.4%
my
93.4%
my
93.4%
my
93.4%
my
93.4%
my
93.4%
hear
91.8%
so
91.6%
you
91.3%
you
91.3%
you
91.3%
you
91.3%
you
91.3%
you
91.3%
% Correct
to
88.9%
to
88.9%
to
88.9%
rain
88.7%
rain
88.7%
rain
88.7%
rain
88.7%
it
87.4%
like
86.8%
like
86.8%
as
85.3%
as
85.3%
know
85%
know
85%
know
85%
where
83.2%
that
83.2%
that
83.2%
that
83.2%
with
81.6%
with
81.6%
mind
80%
roof
79.2%
lie
79.2%
go
79.2%
is
78.9%
when
78.7%
when
78.7%
your
78.7%
memory
77.6%
falls
77.4%
drizzle
77.1%
soft
77.1%
walls
76.8%
heart
76.6%
am
76.6%
lies
75.5%
england
74.2%
see
74.2%
song
73.9%
grace
73.9%
all
73.7%
warm
73.2%
continuing
72.6%
day
72.4%
why
72.1%
are
71.6%
youre
70.8%
have
70.8%
for
70.5%
tapping
70.3%
start
70%
dont
70%
cant
70%
% Correct
writing
69.7%
writing
69.7%
was
69.5%
was
69.5%
drops
69.2%
come
68.9%
there
68.9%
watch
68.7%
asleep
68.4%
kiss
67.9%
eyes
67.4%
they
67.4%
doubt
67.4%
time
67.1%
window
66.8%
songs
66.8%
but
66.8%
true
66.6%
left
66.1%
undone
66.1%
words
65.8%
once
65.8%
through
65.5%
thoughts
65.5%
only
65.3%
held
65%
believe
64.7%
many
62.6%
away
62.6%
spend
62.6%
truth
62.6%
shelter
62.4%
distracted
61.8%
miles
61.6%
rhyme
60.8%
from
60.5%
minds
60.5%
without
59.7%
weary
59.5%
alone
59.2%
strain
57.4%
stand
57.1%
diffused
56.8%
their
56.8%
streets
56.3%
tear
56.3%
beliefs
56.3%
gaze
55%
paths
55%
beyond
54.7%
drenched
53.7%
die
53.7%
weave
50.5%
off
36.6%
Quiz Playlist
Details
Report
Send in Message
Add To Playlist
Classic:
Type in answers that appear in a list
Last Updated: Jan 4, 2024
Quiz Scoreboard
CHALLENGE
Sign Up to Join the Scoreboard
Show All
Scores
Hide
Comments
May contain spoilers
Recently Published
5x2 Blitz: Bands
by SL_Kpop136
Music
30s
Colored Red Africa Blitz
by spor1
Geography
30s
Find the 'City' Movie
by crazypaving
Movies
60s
More to Explore
Quiz From the Vault
Featured Blog Post
14 Easter Pick-up Lines to Find Eggs With
hide this ad
You Might Also Like...
Tags
Lyrics Quiz
folk
Simon and Garfunkel
Today's Top Quizzes in Music
Browse Music
hide this ad
Today's Top Quizzes in Lyrics
Browse Lyrics
Top Contributed Quizzes in Music
1
5X2 Blitz: Bands II
2
Taylor Swift All Songs (2024)
3
5X2 Blitz: The Beatles
4
5X2 Blitz: Billboard
5
Taylor Swift Logic Puzzle
6
Taylor Swift Logic Puzzle II
7
5X2 Blitz: Album
8
5X2 Blitz: Billboard II
9
Music Artist by Three 2010s hits
10
5X2 Blitz: Rock
Explore More
Trending Topics
NBA
Disney
Marvel
Harry Potter
Anime
Kpop
Crossword
NFL
Puzzle
WWE
Song
Pokémon
Soccer
The Office
Country
hide this ad
More By:
lanaturnersmile
Quiz
Plays
Rating
Category
Featured
Created
LYRICS: Wuthering Heights by Kate Bush
2,135
3.81
Music
Feb 11, 2014
'Hannibal' Trivia Quiz
1,747
3.25
Television
May 19, 2014
Things Donna says you can 'Treat Yo Self' With
1,538
4.00
Television
Dec 12, 2014
Classic Hollywood Actors and Actresses
1,353
4.88
Movies
Apr 18, 2012
LYRICS: Wind Of Change by The Scorpions
1,251
3.23
Music
Jul 8, 2012
Go to Creator's Profile
Score Distribution
Quiz Creator Spotlight
lanaturnersmile
Follow
Send a Message
Quizzes Created
-
Created Quiz Play Count
-
More By This Creator
Popular Quizzes Today
1
Find the 'City' Movie
2
5x2 Blitz: Bands
3
Colored Red Africa Blitz
4
The Countries of the World
5
Find the US States - No Outlines Minefield
6
Find the US States
7
9x9 Crossword: Cartoon Network
8
US States
More Music Quizzes
Get the Picture: Work, Rest & Play- Music
Quiz Lab
Trending Quizzes
Colored Red Africa Blitz II
Colored Red Europe Blitz I
Colored Red Africa Blitz III
Colored Red Europe Blitz II
Colored Red Europe Blitz III
Recently Updated
Champions League XIs: Real Madrid
pecheneg
Largest US Cities 1790-2010
pecheneg
Rides in Walt Disney World
pecheneg
Most Oscar Losses (Acting)
pecheneg
Beyoncé Albums
pecheneg
Leaping Animals
pecheneg
Reality TV Shows (A-Z)
bhenderson79
Rickey Henderson's Hall of Fame Teammates
pecheneg
Champions League XIs: Arsenal
pecheneg
Quick Pick: Celebrities in WWE's Hall of Fame
aduchscher
Trending Topics
Anime
Crossword
Kpop
Harry Potter
Marvel
Disney
NBA
The Office
Song
Puzzle
Soccer
WWE
NFL
Pokémon
Country
Your Account Isn't Verified!
In order to create a playlist on Sporcle, you need to verify the email address you used during registration. Go to your
Sporcle Settings
to finish the process.
Report this User
Report this user for behavior that violates our
Community Guidelines
.
Details:
Send Report
Go to the Sporcle.com Mobile Site →
Comments